Film scriptwriting : a practical manual

Αποθηκεύτηκε σε:
Λεπτομέρειες βιβλιογραφικής εγγραφής
Κύριος συγγραφέας: Swain, Dwight V.
Άλλοι συγγραφείς: Swain, Joye R.
Μορφή: Βιβλίο
Γλώσσα:English
Δημοσίευση: Boston : Focal Press, 1988
Έκδοση:2nd ed.
Θέματα:
Ετικέτες: Προσθήκη ετικέτας
Δεν υπάρχουν, Καταχωρήστε ετικέτα πρώτοι!

MARC

LEADER 00000nam a2200000 i 4500
001 1/76478
008 050518s1988 eng d
020 |a 0-240-51190-5 
035 |l 10077995 
040 |a GR-MY-UA  |b gre  |e aacr 
041 0 |a eng 
082 0 |a 808.23  |2 (22) 
100 1 |a Swain, Dwight V. 
245 1 0 |a Film scriptwriting :  |b a practical manual /  |c Dwight V. Swain with Joye R. Swain 
250 |a 2nd ed. 
260 |a Boston :   |b Focal Press,   |c 1988 
300 |a x, 422 σ.;  |c 24 εκ. 
504 |a Περιέχει βιβλιογραφικές παραπομπές (σ. 384-387) και ευρετήριο 
650 0 0 |a Motion picture authorship. 
700 1 |a Swain, Joye R. 
852 |a INST  |b LESVOS  |e 20050518  |h 808.23 SWA  |p 005100035820  |q 005100035820  |t BK  |y 0 
901 |a BIBL1-2005-2 
909 |a Λ  |b 113442 
920 |a ΔΙΕΥΡΥΝΣΗ  |b ΕΠΕΑΕΚ-ΠΤΕ  |y ΛΕΣΒΟΣ  |z 2004-09 
970 |a ΜΑΡΙΝΑΤΟΥ  |b ΜΥΡΣΙΝΗ  |z 2005/05/18